এক্সপোর্ট সম্পূর্ন হয়েছে — 

Trí tuệ nhân tạo Lập trình tiến hóa: Cấu trúc dữ liệu + Thuật giải di truyền = Chương trình tiến hóa

সংরক্ষণ করুন:
গ্রন্থ-পঞ্জীর বিবরন
প্রধান লেখক: Nguyễn Đình Thúc
বিন্যাস: গ্রন্থ
ভাষা:Undetermined
প্রকাশিত: Hà Nội Giáo Dục 2000
বিষয়গুলি:
ট্যাগগুলো: ট্যাগ যুক্ত করুন
কোনো ট্যাগ নেই, প্রথমজন হিসাবে ট্যাগ করুন!
Thư viện lưu trữ: Trung tâm Học liệu Trường Đại học Cần Thơ
LEADER 00690nam a2200205Ia 4500
001 CTU_42003
008 210402s9999 xx 000 0 und d
020 |b 29.000đ 
082 |a 005.73 
082 |b Th506 
100 |a Nguyễn Đình Thúc 
245 0 |a Trí tuệ nhân tạo 
245 0 |b Lập trình tiến hóa: Cấu trúc dữ liệu + Thuật giải di truyền = Chương trình tiến hóa 
245 0 |c Nguyễn Đình Thúc 
260 |a Hà Nội 
260 |b Giáo Dục 
260 |c 2000 
650 |a data strustures ( computer science ) 
904 |i Minh, 010626 
980 |a Trung tâm Học liệu Trường Đại học Cần Thơ